000 00587nam a2200169 4500
001 161036
003 ES-MaACL
005 20230906212200.0
008 950412s1847 sp af |||| | spa d
040 _aEUS
_bspa
_cEUS
100 1 _aOrcajo, Pedro
_c(O.P.)
_9130667
245 1 0 _aHistoria de la catedral de Burgos
_b: dividida en tres partes /
_cPedro Orcajo.
250 _a3ª ed.
260 _aBurgos :
_b[s.n.],
_c1847 (
_fEstablecimiento tipográfico de Don Sergio Villanueva)
300 _a256, 8 p., [2] h. de lám. ;
_c16 cm.
852 _aES-MaACL
_jD-371
_z-- Enc. pasta grabada
999 _c161036
_d161036